00339nam a2200133Ia 4500008004100000041000800041082001700049100001300066245005800079250001200137260002700149365001600176700001300192230718s9999 xx 000 0 und d aeng a005.13'3bWU aWu C. T. aIntroduction To Object Oriented Programming With Java a4th ed. c2006bTata Mc-graw Hil cRs.b395.00 aWu C. T.